Регионална библиотека "Любен Каравелов" - Русе

Принцеса Шарлот и омагьосаните рози (Запис номер 91468)

MARC детайли
000 -Лидер
Контролно поле с фиксирана дължина 01640nam a2200385 c 4500
003 - Код на организацията, давaща контролен номер
Контролно поле BLK
005 - Дата и час на последна редакция
Контролно поле 20250403151813.0
008 - Елементи от данни с фиксирана дължина
fixed length control field 180408b bul|||||r ||||||| ||bul||
010 ## - Наследен системен номер
LC control number KNG00096225000
020 ## - Международен стандартен номер на книга ISBN
Международен стандартен номер на книга ISBN 978-954-529-727-4
-- издат.: Колибри
040 ## - Източник на каталожния запис
Идентификатор на билиотеката - собственик на записа BLK
041 ## - Код за език
Код за езика на текст/звукозапис или на отделно заглавие Български
Код за езика КДБФ Български
080 ## - УДК
Текстов определител УДК Английска литература
УДК код - определител по УДК 821.111
УДК определител -93-32
УДК - код + определител 821.111-93-32
100 1# - Редна дума - Автор
Автор Френч, Вивиан
Авторска отговорност първи автор
R(LIN) 276981
139 ## - Редно поле
Редна дума Френч, Вивиан
Авторски знак Фре - Ф 82
245 10 - Сведения за заглавието
Заглавие Принцеса Шарлот и омагьосаните рози
Редно поле (дума) Вивиан Френч; прев. Мария Донева; ил. Сара Гиб.
257 ## - Страна на издаване
Страна на създаване/издаване Великобритания
260 ## - Област на издателските данни
-- София
Име на издателя, разпространителя и проч. Колибри
Година на издаване 2009
Печатница София : Инвестпрес
300 ## - Физическа характеристика
Страници 80 с.
Илюстрации и др. с ил.
Размери/Мащаб 20 см
380 ## - Жанр
Жанр Детска худож. лит.
490 1# - СЕРИИ (Колекции)
Име на серия Клубът на Короната
490 1# - СЕРИИ (Колекции)
-- Подсерия
Име на серия В Сребърните Кули
500 ## - Общи забележки
Забележка Ориг. загл. Princess Charlotte and the Enchanted Rose / Vivian French. - Офс. изд.
653 ## - Ключова дума – ненормативна
Ключова дума повести
653 ## - Ключова дума – ненормативна
Ключова дума литература за деца
653 ## - Ключова дума – ненормативна
Ключова дума детска литература
700 ## - Други автори (авторска отговорност)
Лично име Донева, Мария
Пълна форма на името Петрова, Мария Донева
Дати, свързани с автора 1974-
Друга информация Поетеса, детска писателка.
9 (RLIN) 365115
700 1# - Други автори (авторска отговорност)
Лично име Гиб, Сара
Автороска отговорност (Описва отношението между автора и произведението) ил.
9 (RLIN) 276982
852 ## - Местоположение
Форматна сигнатура Цб 248169
856 4# - Електронен адрес и достъп
Електронен формат pdf - файл
Път до файла /url/
856 4# - Електронен адрес и достъп
Електронен формат pdf - файл
Път до файла /url/
942 ## - АРТИКУЛИ
Вид на библиотечния материал Книги
Скрит в OPAC Не
Koha issues (borrowed), all copies 23
944 ## - СЪЗДАВАНЕ И РЕДАКЦИЯ на ЗАПИСА
Създаване/Редакция Създаване
Дата на регистрацията/редакция 20.05.2010
Статус, дата на статуса Геновева Генчева
Служител, извършил регистрацията/редакцията 30560
944 ## - СЪЗДАВАНЕ И РЕДАКЦИЯ на ЗАПИСА
Създаване/Редакция Редакция
Дата на регистрацията/редакция 05.10.2016
Статус, дата на статуса ф /
Служител, извършил регистрацията/редакцията Геновева_Генчева
999 ## - СИСТЕМНИ КОНТРОЛНИ НОМЕРА
Koha biblionumber 91468
Koha biblioitemnumber 91468
Наличности
Код за отписване Код за изгубен артикул Код за повреда Коз за рестрикции Код за отдаване Артикулен № Име на библиотеката - собственик Име на библиотеката, в която се намира в момента Статус (Текущо местоположение) Дата на вписване в системата Местоположение - отдел Цена в лева Инвентарен номер Систематично азбучна сигнатура Баркод Номер на екземпляра Цена в евро Служебна бележка Служебен тип на артикула
  Не е изгубен Не е повреден без рестрикции ползва се в читалня 147573 Регионална библиотека "Любен Каравелов" Русе Регионална библиотека "Любен Каравелов" Русе Хранилище 2012-09-26 Хранилище 4.00 120000760055 Цб 248169 120000760055 1 2.05 Дост: Dp Вид: Д N: 32 Дата: 08.08.2011 Книги
  Не е изгубен Не е повреден без рестрикции заемане за дома 147574 Регионална библиотека "Любен Каравелов" Русе Регионална библиотека "Любен Каравелов" Русе Детски отдел 2016-08-30 Детски отдел 4.00 120000803583 ДХ 820/899/Ф 82 120000803583 2 2.05 Дост: DA Вид: А N: 33 Дата: 30.08.2016 Книги
Vip Innovations Ltd, Rousse, Bulgaria 2025